139 Liczb z π - Statystyki

Ogólne statystyki
  • Ten quiz został rozwiązany 91 razy
  • Średni wynik to 34 z 139
Statystyki odpowiedzi
Liczby % Poprawnych
3.
99%
1
94%
4
93%
1
91%
5
87%
9
75%
2
72%
6
64%
5
58%
3
55%
5
51%
8
49%
9
46%
7
43%
9
43%
2
42%
3
42%
3
39%
8
36%
2
33%
4
33%
6
33%
3
32%
3
32%
4
32%
6
32%
2
30%
3
30%
5
30%
7
30%
8
30%
9
30%
0
29%
1
29%
2
29%
4
29%
7
29%
8
29%
8
29%
9
29%
1
26%
3
26%
3
26%
6
26%
7
26%
9
26%
9
26%
9
26%
1
25%
5
25%
0
20%
5
20%
8
20%
2
19%
0
17%
0
16%
0
16%
2
16%
3
16%
4
16%
4
16%
4
16%
4
16%
5
16%
7
16%
7
16%
9
16%
9
16%
9
16%
0
14%
0
14%
0
14%
1
14%
1
14%
1
14%
1
14%
2
14%
2
14%
2
14%
2
14%
2
14%
3
14%
3
14%
4
14%
4
14%
4
14%
5
14%
6
14%
6
14%
6
14%
6
14%
6
14%
6
14%
7
14%
7
14%
8
14%
8
14%
8
14%
8
14%
8
14%
8
14%
9
14%
9
14%
0
13%
0
13%
0
13%
0
13%
0
13%
1
13%
1
13%
2
13%
2
13%
2
13%
2
13%
2
13%
3
13%
3
13%
3
13%
3
13%
4
13%
4
13%
4
13%
5
13%
5
13%
5
13%
5
13%
6
13%
6
13%
6
13%
7
13%
8
13%
8
13%
8
13%
8
13%
8
13%
8
13%
9
13%
9
13%
9
13%
Nie znaleziono quizów pasujących do podanych kryteriów
Rozkład punktacji
Procent ludzi z każdym wynikiem
Percentyl według liczby udzielonych odpowiedzi
Twoja historia wyników
Nie rozwiązałeś tego quizu